| 000 | 00922nam a2200265Mi 4500 | ||
|---|---|---|---|
| 001 | ocn688840037 | ||
| 003 | TZ-ArACH | ||
| 005 | 20101216125020.0 | ||
| 008 | 101104s2010 fr 000 0 fre d | ||
| 020 | _a9782729860332 | ||
| 035 | _a(OCoLC)688840037 | ||
| 040 |
_aTZT _cTZ-ArACH |
||
| 049 | _aTZAA | ||
| 050 | 4 |
_aHV544 _b.R73 2010 |
|
| 100 | 1 |
_aRubio, Francisco. _9181 |
|
| 245 | 1 | 0 |
_aDictionnaire pratique de l'humanitaire / _cFrancisco Rubio, Christelle Huré. |
| 260 |
_aParis : _bEllipses, _c2010. |
||
| 300 | _a269 p. | ||
| 650 | 0 |
_aHumanitarian assistance _vDictionaries. _9182 |
|
| 653 |
_aHumanitarian law _aDictionary |
||
| 700 | 1 |
_aHuré, Christelle. _9183 |
|
| 942 |
_2lcc _cBOOK |
||
| 999 |
_c1073 _d1073 |
||